[Event "Douglas IoM op-C"]
[Site "Douglas"]
[Date "2018.10.28"]
[Round "7"]
[White "Erenberg, Shmuel"]
[Black "Apps, Ian"]
[Result "0-1"]
[WhiteElo "1117"]
[BlackElo "1313"]
[PlyCount "92"]
[EventDate "2018.10.22"]
[EventType "swiss"]
[EventRounds "7"]
[EventCountry "IOM"]
[SourceTitle "CBM 187 Extra"]
[Source "ChessBase"]
[SourceDate "2018.11.04"]
[SourceVersion "1"]
[SourceVersionDate "2018.11.04"]
[SourceQuality "1"]

1. d4 Nf6 2. Bf4 d6 3. e3 g6 4. Nd2 Bg7 5. Bd3 0-0 6. Ngf3 Be6 7. Ng5 Bg4 8. f3 Bd7 9. Qe2 Nc6 10. c3 e5 11. dxe5 dxe5 12. Bg3 Nh5 13. Bh4 Bh6 14. Nde4 f5 15. Bc4+ Kg7 16. Ne6+ Bxe6 17. Bxd8 Bxc4 18. Qxc4 fxe4 19. Bxc7 exf3 20. Rf1 fxg2 21. Rg1 Bxe3 22. Rxg2 Rf7 23. Bd6 Rf6 24. Qd5 Nf4 25. Rxg6+ Rxg6 26. Bxe5+ Nxe5 27. Qxe5+ Kg8 28. Kf1 Rf8 29. Qxe3 Nd5+ 30. Ke2 Nxe3 31. Kxe3 Re6+ 32. Kd3 Rd8+ 33. Kc2 Re2+ 34. Kb3 Rxh2 35. Rg1+ Kh8 36. a4 h5 37. Rg6 h4 38. Rh6+ Kg7 39. Rh5 Kg6 40. Re5 Rh8 41. Re6+ Kf5 42. Re7 Rg2 43. Rxb7 h3 44. Rxa7 h2 45. Rf7+ Ke6 46. Rf1 Rg1 0-1

[Event "Douglas IoM op-C"]
[Site "Douglas"]
[Date "2018.10.27"]
[Round "6"]
[White "Smalec, John"]
[Black "Erenberg, Shmuel"]
[Result "1-0"]
[WhiteElo "1408"]
[BlackElo "1117"]
[PlyCount "39"]
[EventDate "2018.10.22"]
[EventType "swiss"]
[EventRounds "7"]
[EventCountry "IOM"]
[SourceTitle "CBM 187 Extra"]
[Source "ChessBase"]
[SourceDate "2018.11.04"]
[SourceVersion "1"]
[SourceVersionDate "2018.11.04"]
[SourceQuality "1"]

1. e4 c5 2. Nf3 a6 3. d4 cxd4 4. Nxd4 Nc6 5. Nxc6 bxc6 6. Nc3 e6 7. Be2 Bb4 8. Bd2 Nf6 9. e5 Nd5 10. Nxd5 Bxd2+ 11. Qxd2 cxd5 12. 0-0 Qc7 13. f4 d6 14. exd6 Qxd6 15. c4 Bb7 16. f5 Qc5+ 17. Kh1 dxc4 18. fxe6 Rd8 19. exf7+ Kf8 20. Qxd8# 1-0

[Event "Douglas IoM op-C"]
[Site "Douglas"]
[Date "2018.10.22"]
[Round "1"]
[White "Erenberg, Shmuel"]
[Black "Minor, Harry"]
[Result "0-1"]
[WhiteElo "1117"]
[BlackElo "1522"]
[PlyCount "94"]
[EventDate "2018.10.22"]
[EventType "swiss"]
[EventRounds "7"]
[EventCountry "IOM"]
[SourceTitle "CBM 187 Extra"]
[Source "ChessBase"]
[SourceDate "2018.11.04"]
[SourceVersion "1"]
[SourceVersionDate "2018.11.04"]
[SourceQuality "1"]

1. d4 Nf6 2. Bf4 d6 3. e3 g6 4. Nf3 Bg7 5. Bd3 0-0 6. Nbd2 Nc6 7. c3 Nh5 8. Bg5 h6 9. Bh4 Bg4 10. Be2 Nf6 11. Bg3 Re8 12. h3 Bf5 13. Nh4 Bd7 14. Bd3 e5 15. 0-0 e4 16. Bc4 d5 17. Bb3 g5 18. f4 gxh4 19. Bxh4 Na5 20. Bxd5 Qc8 21. Bxf6 Bxf6 22. Qh5 Be6 23. Bxe4 Kg7 24. Rf3 Rg8 25. f5 Bd7 26. Raf1 Qe8 27. Rf4 Kh7 28. Qf3 Nc6 29. g4 Kh8 30. Bd5 Qf8 31. Ne4 Qg7 32. Nxf6 Qxf6 33. Rf2 Rg7 34. Kf1 Ne7 35. Bxb7 Rb8 36. Rh2 Bb5+ 37. Ke1 c6 38. a4 Rxb7 39. axb5 Rxb5 40. Qe4 Qh4+ 41. Kd1 f6 42. g5 Qh5+ 43. Rg4 hxg5 44. Kd2 Rxb2+ 45. Kc1 Rxh2 46. Qe6 Qxh3 47. Re4 Qf1# 0-1

[Event "Pardubice Czech op-D 28th"]
[Site "Pardubice"]
[Date "2017.07.22"]
[Round "1"]
[White "Erenberg, Shmuel"]
[Black "Rychtecky, Pavel"]
[Result "0-1"]
[WhiteElo "1235"]
[BlackElo "1643"]
[PlyCount "92"]
[EventDate "2017.07.22"]
[EventType "swiss"]
[EventRounds "9"]
[EventCountry "CZE"]
[SourceTitle "CBM 179 Extra"]
[Source "ChessBase"]
[SourceDate "2017.08.23"]
[SourceVersion "1"]
[SourceVersionDate "2017.08.23"]
[SourceQuality "1"]

1. d4 Nf6 2. c4 e6 3. Nc3 d5 4. cxd5 exd5 5. Nf3 c6 6. Bg5 Be7 7. e3 Nbd7 8. Bd3 b6 9. Rc1 Bb7 10. Bf4 0-0 11. 0-0 Rc8 12. a3 Nh5 13. Ne2 Nxf4 14. Nxf4 Nf6 15. h3 Qc7 16. Qd2 Bd6 17. Bf5 Rce8 18. Nh2 g6 19. Bd3 g5 20. Ng4 Qe7 21. Nh6+ Kh8 22. Nf5 Qd8 23. Ne2 Bb8 24. Neg3 h5 25. Qe2 Qc7 26. h4 g4 27. Rfe1 Bc8 28. Qd2 Ne4 29. Bxe4 dxe4 30. Kf1 Bxf5 31. Nxf5 Qh2 32. Rxc6 Qh1+ 33. Ke2 Qxg2 34. Rh6+ Kg8 35. Ng3 Bxg3 36. Kd1 Qf3+ 37. Re2 Bxh4 38. d5 Bg5 39. Rxh5 Bf6 40. d6 Rc8 41. Rd5 Rfd8 42. Qb4 Rc6 43. d7 Kg7 44. Qb5 Rc7 45. Rf5 Rdxd7+ 46. Qxd7 Rxd7+ 0-1